Finca: lecciones en el financiamiento de la microempresa Rural/
Saved in:
| Main Author: | |
|---|---|
| Format: | Book |
| Language: | Spanish |
| Tags: |
Add Tag
No Tags, Be the first to tag this record!
|
MARC
| LEADER | 00000nam a22000007a 4500 | ||
|---|---|---|---|
| 003 | cru CIDCACS/IIS | ||
| 005 | 20171221062530.0 | ||
| 007 | ta | ||
| 008 | 171220t1993 cr |||||r|||||||| ||spa|d | ||
| 999 | |c 40766 |d 40766 | ||
| 040 | |c cru CIDCACS/IIS | ||
| 100 | 1 | |9 6284 |a González Vega, Claudio | |
| 245 | 1 | |a Finca: |b lecciones en el financiamiento de la microempresa Rural/ |c Claudio González Vega | |
| 300 | |a páginas 1-19 | ||
| 773 | 0 | |0 40765 |9 1715 |a González Vega, Claudio |d Costa Rica: Academia de Centroamérica ; Ohio State University; Fundación Interamericana, 1993 |o 16454 |t Financiamiento de la microempresa rural: |z 9977210195 | |
| 942 | |2 ddc |c LI | ||



